01206nam a2200289 i 4500003000900000005001700009007000300026008004100029040003000070082001600100110005000116245010200166264007000268300002500338336002700363337003400390338002800424490007400452490003200526590002700558650004700585650005400632910001400686942001300700952018600713999001700899DO-SdBNP20260219105724.0ta110627s2001 dr 000 0 spa d aDO-SdBNPbspacBNPHUerda axxxxbU588l2 aUniversidad Católica de Santo Domingo9147610aLibro de graduandos :bprimera investidura ordinaria general de postgrado 19 de diciembre de 2001 1aSanto Domingo :bUniversidad Católica de Santo Domingo, c2001. a40 páginasc21 cm. 2rdacontentatextobtxt 2rdamediaasin mediación bn 2rdacarrieravolumenbnc1 aPublicaciones de la Universidad Autónoma de Santo Domingo ;v1048 ;1 aActos académicos ;v109 ; aInventariado, 2023/ YL 4aUniversidadeszRepública Dominicana9729 0aEducación superiorzRepública Dominicana9730 aYLockward 2ddccLF2 00102ddc51708DS-FaBNPHUbBNPHUcCTd2014-12-03eBarbara Suncarl0oxxxx U588lp2023-5297r2023-08-10w2023-08-10yLF2zPerteneció a la biblioteca personal de Bárbara Suncar c54375d54375